Sports Quiz

Random Sports or MLB Quiz

MLB Leaders Not in HOF Quiz Stats

 Plays Quiz Updated Sep 25, 2018

Challenge
Share
Tweet
Embed
Score 0/200 Timer 15:00
7 Plays Today
Stat Player % Correct
Home RunsBarry Bonds
97.4%
Runs Batted InBarry Bonds
97.4%
Runs ScoredBarry Bonds
97.4%
HitsBarry Bonds
97.4%
DoublesBarry Bonds
97.4%
Total BasesBarry Bonds
97.4%
Wins Above ReplacementBarry Bonds
97.4%
Home RunsAlex Rodriguez
94.6%
Runs Batted InAlex Rodriguez
94.6%
Runs ScoredAlex Rodriguez
94.6%
HitsAlex Rodriguez
94.6%
DoublesAlex Rodriguez
94.6%
Total BasesAlex Rodriguez
94.6%
Wins Above ReplacementAlex Rodriguez
94.6%
Home RunsSammy Sosa
91.3%
Runs Batted InSammy Sosa
91.3%
Runs ScoredSammy Sosa
91.3%
Total BasesSammy Sosa
91.3%
Runs ScoredPete Rose
89.4%
HitsPete Rose
89.4%
DoublesPete Rose
89.4%
Total BasesPete Rose
89.4%
Wins Above ReplacementPete Rose
89.4%
Home RunsAlbert Pujols
89%
Runs Batted InAlbert Pujols
89%
Runs ScoredAlbert Pujols
89%
HitsAlbert Pujols
89%
DoublesAlbert Pujols
89%
Total BasesAlbert Pujols
89%
Wins Above ReplacementAlbert Pujols
89%
Home RunsMark McGwire
87.3%
Home RunsDavid Ortiz
85.7%
Runs Batted InDavid Ortiz
85.7%
DoublesDavid Ortiz
85.7%
Total BasesDavid Ortiz
85.7%
WinsTommy Bond
83.1%
Runs ScoredDerek Jeter
81%
HitsDerek Jeter
81%
DoublesDerek Jeter
81%
Total BasesDerek Jeter
81%
Wins Above ReplacementDerek Jeter
81%
Home RunsManny Ramirez
81%
Runs Batted InManny Ramirez
81%
Runs ScoredManny Ramirez
81%
DoublesManny Ramirez
81%
Total BasesManny Ramirez
81%
Wins Above ReplacementManny Ramirez
80.9%
Innings PitchedSad Sam Jones
76.3%
Home RunsRafael Palmeiro
74.8%
Runs Batted InRafael Palmeiro
74.8%
Runs ScoredRafael Palmeiro
74.8%
HitsRafael Palmeiro
74.8%
DoublesRafael Palmeiro
74.8%
Total BasesRafael Palmeiro
74.8%
Wins Above ReplacementRafael Palmeiro
74.8%
Home RunsMiguel Cabrera
74.6%
Runs Batted InMiguel Cabrera
74.6%
DoublesMiguel Cabrera
74.6%
Total BasesMiguel Cabrera
74.6%
Runs ScoredAdrian Beltre
74.6%
Wins Above ReplacementMiguel Cabrera
74%
WinsRoger Clemens
74%
StrikeoutsRoger Clemens
74%
Innings PitchedRoger Clemens
74%
Wins Above ReplacementRoger Clemens
74%
WinsCC Sabathia
72.7%
Runs Batted InLuis Gonzalez
69%
Stat Player % Correct
Home RunsJuan Gonzalez
69%
DoublesLuis Gonzalez
68.2%
Total BasesLuis Gonzalez
68.2%
Home RunsJose Canseco
66.6%
HitsIchiro Suzuki
65.2%
Home RunsAdrian Beltre
62%
Runs Batted InAdrian Beltre
62%
HitsAdrian Beltre
62%
DoublesAdrian Beltre
62%
Total BasesAdrian Beltre
62%
Wins Above ReplacementAdrian Beltre
62%
WinsSam Jones
59.8%
StrikeoutsFelix Hernandez
57%
Home RunsCarlos Beltran
54.4%
Home RunsCarlos Delgado
54.3%
Runs Batted InCarlos Delgado
54.3%
WinsTommy John
54.1%
Innings PitchedTommy John
54.1%
Home RunsFred McGriff
54%
Runs Batted InFred McGriff
54%
Total BasesFred McGriff
54%
WinsDennis Martinez
53.1%
Innings PitchedDennis Martinez
53.1%
DoublesCarlos Beltran
52%
Runs Batted InCarlos Beltran
52%
Runs ScoredCarlos Beltran
52%
Total BasesCarlos Beltran
52%
Wins Above ReplacementCarlos Beltran
52%
Total BasesTodd Helton
51.6%
Home RunsGary Sheffield
50%
Runs Batted InGary Sheffield
50%
Runs ScoredGary Sheffield
50%
HitsGary Sheffield
50%
Total BasesGary Sheffield
50%
DoublesTodd Helton
49.7%
Wins Above ReplacementLarry Walker
49.1%
Runs Batted InJason Giambi
47.6%
Home RunsAdam Dunn
45.1%
Home RunsPaul Konerko
45.1%
Total BasesJeff Kent
44.5%
Home RunsJason Giambi
44.4%
WinsMike Mussina
44.2%
StrikeoutsMike Mussina
44.2%
Wins Above ReplacementMike Mussina
44.2%
Runs Batted InJeff Kent
42.9%
DoublesJeff Kent
42.9%
StrikeoutsCurt Schilling
42.1%
Wins Above ReplacementCurt Schilling
42.1%
Runs Batted InJoe Carter
42.1%
StrikeoutsCC Sabathia
42%
StrikeoutsMax Scherzer
39.9%
Home RunsDave Kingman
36.2%
DoublesRobinson Cano
34.1%
Runs ScoredDwight Evans
33.9%
WinsJamie Moyer
33.9%
StrikeoutsJamie Moyer
33.9%
Innings PitchedJamie Moyer
33.9%
WinsAndy Pettitte
33.8%
StrikeoutsAndy Pettitte
33.8%
WinsBartolo Colon
30.8%
StrikeoutsBartolo Colon
30.8%
StrikeoutsJustin Verlander
29.9%
Runs Batted InDave Parker
28.7%
HitsDave Parker
28.7%
DoublesDave Parker
28.7%
Total BasesDave Parker
28.7%
Runs Batted InHarold Baines
27.2%
Stat Player % Correct
HitsHarold Baines
27.2%
Total BasesHarold Baines
27.2%
Runs ScoredTom Brown
26.5%
HitsOmar Vizquel
26.1%
DoublesGarret Anderson
26.1%
Runs ScoredKenny Lofton
24.5%
WinsDavid Wells
24%
StrikeoutsDavid Cone
24%
StrikeoutsChuck Finley
22.7%
WinsJim Kaat
22.3%
StrikeoutsJim Kaat
22.3%
Innings PitchedJim Kaat
22.3%
Innings PitchedMickey Lolich
21.5%
Runs ScoredJohnny Damon
20.7%
HitsJohnny Damon
20.7%
DoublesJohnny Damon
20.7%
Wins Above ReplacementLou Whitaker
20.6%
WinsFrank Tanana
18.7%
StrikeoutsFrank Tanana
18.7%
Innings PitchedFrank Tanana
18.7%
StrikeoutsMickey Lolich
18.5%
Runs Batted InRusty Staub
17.5%
HitsRusty Staub
17.5%
HitsCarlos Beltran
16.3%
StrikeoutsJerry Koosman
16.2%
Innings PitchedJerry Koosman
16.2%
DoublesBobby Abreu
16%
StrikeoutsMark Langston
15.3%
StrikeoutsSam McDowell
14.8%
Total BasesVada Pinson
14.8%
HitsMiguel Cabrera
12.7%
HitsAl Oliver
12.6%
DoublesAl Oliver
12.6%
HitsBill Buckner
11.7%
Innings PitchedCharlie Hough
11%
Wins Above ReplacementBobby Grich
10.9%
HitsVada Pinson
10.5%
Runs ScoredJimmy Ryan
10.3%
Wins Above ReplacementRich Reuschel
9.5%
StrikeoutsA.J. Burnett
9.3%
WinsBobby Mathews
8.1%
Innings PitchedBobby Mathews
8.1%
WinsJack Powell
7.6%
Innings PitchedJack Powell
7.6%
StrikeoutsJavier Vazquez
7.3%
Wins Above ReplacementScott Rolen
5.9%
Runs ScoredBill Dahlen
4.8%
Wins Above ReplacementBill Dahlen
4.8%
WinsTony Mullane
4%
Innings PitchedTony Mullane
4%
Innings PitchedJerry Reuss
3.9%
WinsJim McCormick
3.5%
Innings PitchedJim McCormick
3.5%
Wins Above ReplacementJim McCormick
3.5%
HitsDoc Cramer
3.2%
WinsJack Quinn
3%
Innings PitchedJack Quinn
3%
Innings PitchedBobo Newsom
2.8%
Runs ScoredGeorge Van Haltren
2.8%
WinsGus Weyhing
2.1%
Innings PitchedGus Weyhing
2.1%
Innings PitchedPaul Derringer
2.1%
Innings PitchedGeorge Mullin
1.8%
Runs ScoredHarry Stovey
1.8%
Runs ScoredArlie Latham
1.7%
WinsCharlie Buffinton
1.6%

You're not logged in!

Compare scores with friends on all Sporcle quizzes.
OR
Log In

You Might Also Like...

Show Comments

Extras

Top Quizzes Today


Score Distribution

Your Account Isn't Verified!

In order to create a playlist on Sporcle, you need to verify the email address you used during registration. Go to your Sporcle Settings to finish the process.

Report this User

Report this user for behavior that violates our Community Guidelines.

Details: